000 00353nam a2200145Ia 4500
008 191201s2012 xx 000 0 und d
082 _a006.3
_bADD
100 _aADRIAANS, Pieter
245 0 _aData Mining Concepts and Techniaues
250 _aRep
260 _aN. delhi
_bpearson
_c2012
300 _a166
650 _aM.Tech(CSE)
942 _2ddc
_cBK
_01
999 _c5435
_d5435